|
|
|
|
| LEADER |
00881nam a22002652a 4500 |
| 001 |
001702634 |
| 003 |
CZ BrMZK |
| 005 |
20190819074709.0 |
| 007 |
ta |
| 008 |
190819s1906 gw er|||||||||||ger d |
| 040 |
|
|
|a BOA001
|b cze
|e aacr2
|
| 041 |
1 |
|
|a ger
|h eng
|
| 100 |
1 |
|
|a Newmarch, Rosa,
|d 1857-1940
|7 jx20090611009
|4 aut
|
| 245 |
1 |
0 |
|a Jean Sibelius, ein finnländischer Komponist /
|c von Rosa Newmarch ; Deutsch von Ludmille Kirschbaum
|
| 260 |
|
|
|a Leipzig :
|b Breitkopf & Härtel,
|c 1906
|
| 300 |
|
|
|a 32 s.
|
| 500 |
|
|
|a Přeloženo z angličtiny
|
| 504 |
|
|
|a Obsahuje bibliografii
|
| 700 |
1 |
|
|a Kirschbaum, Ludmille
|7 mzk2011657788
|4 trl
|
| 765 |
0 |
|
|t Jean Sibelius, a Finnish composer
|9 Německy
|
| 910 |
|
|
|a BOA001
|b X-0242.699
|
| 990 |
|
|
|a BK
|
| 993 |
|
|
|a Y
|
| 991 |
|
|
|b 201908
|
| 996 |
6 |
|
|b 2618735814
|c X-0242.699
|l MZK
|r Sklad / do 24 hodin
|n 0
|w 001749453
|u 000010
|a 1
|e BOA001
|j MZK50
|s P
|